| 000 | 00928nam a2200229 a 4500 | ||
|---|---|---|---|
| 001 | 39731 | ||
| 003 | BD-RjUL | ||
| 005 | 20211209053039.0 | ||
| 008 | 160417s2013 BG |||| |||| 00| 0 ben d | ||
| 020 |
_a9789845061711 _c: Tk. 700.00 |
||
| 035 | _a(BD-RjUL)39844 | ||
| 040 |
_aBD-RjUL _bben _cBD-RjUL |
||
| 041 | _aben | ||
| 082 |
_223 _a320.95492 _bAHK 2013 |
||
| 100 |
_aআহমদ, মওদুদ _9120340 |
||
| 245 | 1 | 0 |
_aকারাগারে কেমন ছিলাম ২০০৭-২০০৮ _cমওদুদ আহমদ |
| 260 |
_aঢাকা : _bদি ইউনিভার্সিটি প্রেস লিমিটেড, _c২০১৩. |
||
| 300 |
_ax,৩৯১ পৃ. ; _c২১ সেমি. |
||
| 650 |
_aরাজনৈতিক পরিস্থিত _zবাংলাদেশ _9119995 _xইতিহাস |
||
| 650 |
_aPolitical conditions _zBangladesh _9119996 _xHistory |
||
| 942 |
_2ddc _cBK |
||
| 999 |
_c39731 _d39731 |
||